[Event "Sportaccord WMG Blitz Women"]
[Site "Beijing CHN"]
[Date "2011.12.13"]
[Round "14"]
[Board "8"]
[White "Paehtz, Elisabeth"]
[Black "Stefanova, Antoaneta"]
[Result "0-1"]
[WhiteTitle "IM"]
[BlackTitle "GM"]
[WhiteElo "2457"]
[BlackElo "2531"]
[WhiteFideId "4641833"]
[BlackFideId "2902257"]
[EventDate "2011.12.12"]

1. e4 c6 2. Ne2 d5 3. e5 c5 4. d4 Nc6 5. c3 Bf5 6. dxc5 e6 7. b4 Nxe5 8. Nd4 Ne7
9. Bb5+ N5c6 10. Bg5 f6 11. Bh4 e5 12. Nxf5 Nxf5 13. Bg3 Be7 14. Ba4 Qd7 15. O-O
a6 16. Bb3 Rd8 17. a4 O-O 18. Nd2 Kh8 19. Qe2 d4 20. Nc4 dxc3 21. Qa2 Nxb4 22.
Qa3 Nd3 23. Nb6 Qc6 24. a5 Bxc5 25. Qa2 Bxb6 26. axb6 Qxb6 27. Be6 Nd4 28. Bc4
Nb4 29. Qa4 c2 30. Kh1 Qc5 31. Ba2 b5 32. Qa3 Rc8 33. f4 e4 34. Bf2 Rfd8 35.
Rac1 Nd3 36. Qxa6 Ra8 0-1

[Event "Sportaccord WMG Blitz Women"]
[Site "Beijing CHN"]
[Date "2011.12.13"]
[Round "15"]
[Board "1"]
[White "Stefanova, Antoaneta"]
[Black "Lahno, Kateryna"]
[Result "1-0"]
[WhiteTitle "GM"]
[BlackTitle "GM"]
[WhiteElo "2531"]
[BlackElo "2549"]
[WhiteFideId "2902257"]
[BlackFideId "14109336"]
[EventDate "2011.12.12"]

1. Nf3 Nf6 2. g3 g6 3. Bg2 d5 4. O-O Bg7 5. d3 O-O 6. Nbd2 Nc6 7. e4 e5 8. h3
Re8 9. Re1 h6 10. c3 a5 11. a4 dxe4 12. dxe4 b6 13. Qc2 Ba6 14. Bf1 Bxf1 15.
Nxf1 Qd7 16. Kg2 Qe6 17. Be3 Red8 18. Red1 Bf8 19. b3 Rxd1 20. Rxd1 Rd8 21. Rxd8
Nxd8 22. N1d2 Nb7 23. Nc4 Nd7 24. Nfd2 Kh7 25. Qb2 Nbc5 26. Qc2 Qc6 27. f3 h5
28. h4 Ne6 29. Qd3 Ndc5 30. Qd5 Qe8 31. Nxe5 Bg7 32. f4 Qe7 33. Nc6 Qf6 34. Nd4
Qe7 35. f5 Nf8 36. Bg5 Qd7 37. Bd8 Be5 38. Kf3 gxf5 39. exf5 Bd6 40. Nc4 Be5 41.
Nc6 Bxc3 42. Bxc7 Nxb3 43. Bxb6 Kg7 44. Ke3 Be1 45. Kf3 Kf6 46. g4 Nd2+ 47. Ke2
Nxc4 48. Bd8+ 1-0

[Event "Sportaccord WMG Blitz Women"]
[Site "Beijing CHN"]
[Date "2011.12.13"]
[Round "15"]
[Board "2"]
[White "Skripchenko, Almira"]
[Black "Paehtz, Elisabeth"]
[Result "0-1"]
[WhiteTitle "IM"]
[BlackTitle "IM"]
[WhiteElo "2468"]
[BlackElo "2457"]
[WhiteFideId "13900145"]
[BlackFideId "4641833"]
[EventDate "2011.12.12"]

1. e4 e6 2. d4 d5 3. exd5 exd5 4. Nf3 Nc6 5. Bd3 Bd6 6. O-O Nge7 7. h3 h6 8. c3
Be6 9. Re1 Qd7 10. Ne5 Nxe5 11. dxe5 Bc5 12. Nd2 O-O-O 13. Nf1 g5 14. Qc2 Kb8
15. Be3 Bxe3 16. Nxe3 h5 17. Rad1 Rhg8 18. c4 d4 19. Be4 c6 20. b4 g4 21. h4 Qc7
22. Nf1 Ng6 23. Bxg6 fxg6 24. Ng3 g5 25. Nxh5 gxh4 26. Nf6 Rg5 27. Qe4 g3 28. f4
Rg7 29. Rxd4 Rxd4 30. Qxd4 a5 31. a3 Bf5 32. Qd6 Re7 33. b5 Qxd6 0-1

[Event "Sportaccord WMG Blitz Women"]
[Site "Beijing CHN"]
[Date "2011.12.13"]
[Round "15"]
[Board "3"]
[White "Muzychuk, Anna"]
[Black "Kosteniuk, Alexandra"]
[Result "1-0"]
[WhiteTitle "IM"]
[BlackTitle "GM"]
[WhiteElo "2562"]
[BlackElo "2439"]
[WhiteFideId "14111330"]
[BlackFideId "4128125"]
[EventDate "2011.12.12"]

1. e4 e5 2. Nf3 Nf6 3. d4 Nxe4 4. Bd3 d5 5. Nxe5 Nd7 6. Qe2 Nxe5 7. Bxe4 dxe4 8.
Qxe4 Bb4+ 9. c3 Bd6 10. dxe5 O-O 11. O-O Re8 12. Bf4 Qh4 13. Qa4 Bh3 14. g3 Qg4
15. f3 Bc5+ 16. Kh1 Qh5 17. g4 Qg6 18. Rd1 h5 19. g5 Rad8 20. Nd2 Bf5 21. Nf1 h4
22. Rxd8 Rxd8 23. Rd1 Qc6 24. Be3 Bg4 25. Kg2 h3+ 26. Kg3 Bxe3 27. Nxe3 Bd7 28.
Nd5 1-0

[Event "Sportaccord WMG Blitz Women"]
[Site "Beijing CHN"]
[Date "2011.12.13"]
[Round "15"]
[Board "4"]
[White "Cramling, Pia"]
[Black "Socko, Monika"]
[Result "1-0"]
[WhiteTitle "GM"]
[BlackTitle "GM"]
[WhiteElo "2495"]
[BlackElo "2479"]
[WhiteFideId "1700030"]
[BlackFideId "1106619"]
[EventDate "2011.12.12"]

1. d4 Nf6 2. Nf3 g6 3. c4 Bg7 4. Nc3 d6 5. e4 O-O 6. h3 Nbd7 7. Bg5 c5 8. d5 a6
9. a4 h6 10. Be3 Rb8 11. Be2 Qa5 12. O-O Kh7 13. Qd2 Qc7 14. Nh2 e5 15. dxe6
fxe6 16. Rad1 Ne8 17. f4 Ndf6 18. Kh1 Bd7 19. e5 Ng8 20. exd6 Qd8 21. Nf3 Bc6
22. Ne5 Nef6 23. Bd3 Be8 24. d7 Bf7 25. Qc2 Ne7 26. Ne4 Nxe4 27. Bxe4 Qc7 28.
Bf2 Bxe5 29. fxe5 Qxe5 30. Bh4 Rbd8 1-0

[Event "Sportaccord WMG Blitz Women"]
[Site "Beijing CHN"]
[Date "2011.12.13"]
[Round "15"]
[Board "5"]
[White "Zatonskih, Anna"]
[Black "Cmilyte, Viktorija"]
[Result "1-0"]
[WhiteTitle "IM"]
[BlackTitle "GM"]
[WhiteElo "2506"]
[BlackElo "2503"]
[WhiteFideId "14101572"]
[BlackFideId "12801259"]
[EventDate "2011.12.12"]

1. e4 c5 2. g3 d5 3. exd5 Qxd5 4. Nf3 Nc6 5. Bg2 g6 6. O-O Bg7 7. Re1 Qd7 8. Na3
Nf6 9. Nc4 O-O 10. d3 Qd8 11. Be3 Nd4 12. Nfe5 Nd5 13. Bd2 f6 14. Nf3 e5 15. c3
Nc6 16. a4 Bg4 17. Qb3 Rf7 18. Ne3 Nxe3 19. Bxe3 Qd6 20. Nd2 Rd8 21. Ne4 Qxd3
22. Nxc5 Qd6 23. Nxb7 Qc7 24. Nxd8 Nxd8 25. Bd5 h5 26. f3 Bh3 27. Rad1 Kh7 28.
Bxf7 Nxf7 29. Qd5 Bh6 30. a5 a6 31. g4 Qa7 32. Kh1 1-0

[Event "Sportaccord WMG Blitz Women"]
[Site "Beijing CHN"]
[Date "2011.12.13"]
[Round "15"]
[Board "6"]
[White "Harika, Dronavalli"]
[Black "Dembo, Yelena"]
[Result "1-0"]
[WhiteTitle "GM"]
[BlackTitle "IM"]
[WhiteElo "2512"]
[BlackElo "2468"]
[WhiteFideId "5015197"]
[BlackFideId "723916"]
[EventDate "2011.12.12"]

1. c4 g6 2. g3 Bg7 3. Bg2 d6 4. Nc3 e5 5. e4 Ne7 6. Nge2 Nbc6 7. d3 O-O 8. O-O
f5 9. Nd5 h6 10. Be3 Be6 11. Qd2 Kh7 12. f4 Nd4 13. Kh1 c6 14. Nxe7 Qxe7 15.
Rae1 Qd7 16. exf5 gxf5 17. fxe5 Nxe2 18. Qxe2 dxe5 19. Bc5 Rfd8 20. Rd1 b6 21.
Bb4 Rac8 22. Bc3 Qc7 23. Rde1 Re8 24. Bh3 Kg6 25. g4 f4 26. Qe4+ Kf7 27. Bg2
Bxg4 28. d4 Kg8 29. dxe5 b5 30. Rxf4 Be6 31. b3 bxc4 32. bxc4 c5 33. Rf3 Qe7 34.
Rg3 Kh8 35. Rg1 Rg8 36. Bh3 Bxh3 37. Rxh3 Qe6 38. Rhg3 Rc7 39. Rg6 1-0

[Event "Sportaccord WMG Blitz Women"]
[Site "Beijing CHN"]
[Date "2011.12.13"]
[Round "15"]
[Board "8"]
[White "Dzagnidze, Nana"]
[Black "Danielian, Elina"]
[Result "0-1"]
[WhiteTitle "GM"]
[BlackTitle "GM"]
[WhiteElo "2516"]
[BlackElo "2497"]
[WhiteFideId "13601903"]
[BlackFideId "13300210"]
[EventDate "2011.12.12"]

1. d4 d5 2. Nf3 c6 3. g3 Nf6 4. Bg2 Bf5 5. O-O e6 6. b3 Nbd7 7. Bb2 Be7 8. Nbd2
Ne4 9. c4 O-O 10. Ne1 a5 11. Nxe4 Bxe4 12. f3 Bg6 13. e4 a4 14. Nd3 axb3 15.
axb3 Rxa1 16. Bxa1 Qa5 17. Nf4 Ra8 18. Nxg6 hxg6 19. exd5 exd5 20. f4 Bf6 21.
cxd5 Qxa1 22. dxc6 bxc6 23. Bxc6 Qxd4+ 24. Kh1 Rd8 25. Qxd4 Bxd4 26. Rd1 Nb6 27.
b4 Bf6 28. Re1 g5 29. fxg5 Bxg5 30. b5 Bf6 31. Re4 g6 32. h4 Kg7 33. Kg2 Rd3 34.
Re2 Nc4 35. Be4 Rb3 36. Bc6 Ne3+ 37. Kh3 Nf5 38. Rg2 Be5 39. Be4 Nxg3 40. b6
Nxe4+ 0-1